• 首页
  • 本馆介绍
  • 公告通知
  • 最新文献
  • 馆藏检索
  • 电子资源
  • 读者导购
  • 参考咨询
  • 我的图书馆
  • 登录
  • 详细信息显示
  • 放入我的书架
  • 预约/预借图书
  • 作者相关作品
  • 分类相关作品
  • 丛书相关作品
  • 出版社相关作品

书目信息

  • 表格格式
  • 工作单格式
  • 卡片格式
题名:
孙子兵法演义
    
 
作者: 潘强恩 , 郑飞石 编著 ;潘强恩 编著
分册: 上  
出版信息: 长春   吉林人民出版社  2005
页数: 435页
开本: 20cm
丛书名:
单 册:
中图分类: I712.45 , I312.45
科图分类:
主题词: 长篇小说--南朝鲜--现代 , 长篇小说 , 兵法--中国--春秋时代--通俗读物 , 兵法
电子资源:
ISBN: 7-206-01091-1
000 00995oam2 2200313 45
001 012006200040
005 20061218091234.32
010    @a7-206-01091-1@dCNY44.90
092    @aCN@b489647
100    @a20060405d2005 em y0chiy0121 ea
101 0  @achi
102    @aCN@b220000
105    @ay z 000ay
200 1  @a孙子兵法演义@Asun zi bing fa yan yi@h上@f(韩)郑飞石著@F(han)zheng fei shi zhu@g潘强恩编著@Gpan qiang en bian zhu
205    @a2版
210    @a长春@c吉林人民出版社@d2005
215    @a435页@d20cm
330    @a本书作者通过春秋战国时期的政治、军事、外交斗争故事,以小说的形式全面阐述了孙子兵法的思想。
606 0  @a长篇小说@y南朝鲜@z现代
606 0  @a长篇小说
606 0  @a兵法@y中国@z春秋时代@x通俗读物
606 0  @a兵法
690    @aI712.45@v4
690    @aI312.45@v3
701  0 @a潘强恩@9pan qiang en@4编著
701  0 @a郑飞石@Azheng fei shi@4著
702  0 @a潘强恩@Apan qiang en@4编著
801  0 @aCN@bLZJBOOK@c20061218
905    @a10447@dI312.45@e77:1=2
    
    孙子兵法演义.上/(韩)郑飞石著/潘强恩编著.-2版.-长春:吉林人民出版社,2005
    435页;20cm
    
    
    ISBN 7-206-01091-1:CNY44.90
    本书作者通过春秋战国时期的政治、军事、外交斗争故事,以小说的形式全面阐述了孙子兵法的思想。
●
相关链接 在E读中查询图书 在五车中查询图书 在当当中查询图书 在豆瓣中查询图书


正题名:孙子兵法演义     索取号:I312.45/77:1=2         预约/预借

序号 登录号 条形码 馆藏地/架位号 状态 备注
1 0556041   205560418   第一样本阅览室/ [索取号:I312.45/77:1=2] 在馆    
2 0556042   205560427   第二借阅区/ [索取号:I312.45/77:1=2] 在馆    
3 0556043   205560436   第二借阅区/ [索取号:I312.45/77:1=2] 在馆    
4 0556044   205560445   第二借阅区/ [索取号:I312.45/77:1=2] 在馆    
5 0556045   205560454   第二借阅区/ [索取号:I312.45/77:1=2] 在馆    
6 0556046   205560463   第二借阅区/ [索取号:I312.45/77:1=2] 在馆    
7 0556047   205560472   第二借阅区/ [索取号:I312.45/77:1=2] 在馆    
8 0556048   205560481   第二借阅区/ [索取号:I312.45/77:1=2] 在馆    
唐山师范学院图书馆 欢迎您!
大连网信软件有限公司© 版权所有